| 000 | 005210000a22001330004500 | ||
|---|---|---|---|
| 090 |
_aAS _bSeriadas |
||
| 245 | 1 | 0 | _aDinámica poblacional y pesquería de la lisa, Mugil incilis, en la Ciénaga Grande de Santa Marta, Caribe colombiano |
| 041 | 0 | _aEspañol | |
| 700 | 1 |
_aRueda, Mario _948339 |
|
| 700 | 1 |
_aSantos Martínez, Adriana _920501 |
|
| 100 | 1 |
_aSánchez Ramírez, Claudia _999190 |
|
| 942 | _cARTICULO | ||
| 773 | 1 |
_tRevista de la Academia Colombiana de Ciencias Exactas, Fisicas y Naturales _332 _h85 _q507-517 _d1998 _g22 |
|
| 999 |
_c14301 _d14301 |
||